Pays qui ont gagné la LDC - Mort Subite - Statistiques

Statistiques générales
  • Ce quiz a été pris 2 536 fois
    1 293 depuis la dernière actualisation
  • Le résultat moyen est 7 sur 10
Answers on the Grid
Answers color-coded by a green-red scale on the quiz's grid according to % correct below.
Allemagne
Angleterre
Belgique
Croatie
Danemark
Écosse
Espagne
France
Grèce
Italie
Monaco
Pays-Bas
Portugal
République Tchèque
Roumanie
Russie
Serbie
Suède
Suisse
Turquie
Ukraine
Irlande
Autriche
Hongrie
 
Statistiques - réponses
Réponse % Correct
Olympique de Marseille, Paris Saint-Germain France
87%
Real Madrid, FC Barcelone, Espagne
86%
Bayern Munich, Borussia Dortmund, Hambourg SV Allemagne
85%
Liverpool FC, Manchester United, Chelsea FC, Nottingham Forest, Manchester City, Aston Villa Angleterre
85%
AC Milan, Inter Milan, Juventus Italie
85%
Benfica Lisbonne, FC Porto Portugal
78%
Ajax Amsterdam, Feyenoord Rotterdam, PSV Eindhoven Pays-Bas
74%
Celtic Glasgow Écosse
39%
Étoile rouge de Belgrade Serbie
30%
Steaua Bucarest Roumanie
28%
Aucun quiz correspondant
Distribution des résultats
% des personnes avec chaque résultat
Percentile par nombre de réponses
Votre historique - résultats
Vous n’avez pas pris ce quiz depuis la dernière actualisation